BREVE COMPENDIO DE LA DOCTRINA SOCIAL CATOLICA /

Guardado en:
Detalles Bibliográficos
Autor principal: Colom, Antonio (autor)
Formato: Libro
Edición:4a edición
Temas:
Etiquetas: Agrega una etiqueta
Sin etiquetas, Sé el primero en etiquetar este registro!

MARC

LEADER 00000nam^a2200000^a^4500
001 000230218
005 20250521000000.0
009 20260310104429.874
035 |a 050887 
037 |a Acervo Xavier Clavigero 
082 |a 261. 8  |b COL 
100 |a Colom, Antonio  |e (autor) 
245 1 0 |a BREVE COMPENDIO DE LA DOCTRINA SOCIAL CATOLICA /  |c ANTONIO COLOM, S.J 
250 |a 4a edición 
264 |a S/L :  |b S/E 
300 |a 124p. 
336 |a texto  |b txt  |2 rdacontenido 
337 |a sin mediación  |b n  |2 rdamedio 
338 |a volumen  |b nc  |2 rdasoporte 
649 |a XX 
650 |a Iglesia y Problemas Sociales 
650 |a SOCIOLGIA CRISTIANA. 
650 |a Teología Social 
910 |a Fondo General 
920 |a Impresos - Libros 
930 |a Colección General 
905 |a 101 
901 |a 050887  |b IT1  |c ACC  |i 050887  |u 20250521 
902 |a https://opac.biblio.iteso.mx/vufind/Record/000230218